First Name Hangman #1 - Statistics

General Stats
  • This quiz has been taken 91 times
  • The average score is 4 of 6
Answer Stats
Spelling % Correct
A
100%
A
100%
A
100%
A
100%
A
100%
A
100%
A
100%
A
100%
A
100%
A
100%
A
100%
B
100%
D
100%
D
100%
E
100%
E
100%
E
100%
E
100%
E
100%
E
100%
H
100%
J
100%
N
100%
N
100%
N
100%
O
100%
O
100%
R
100%
R
100%
S
100%
T
100%
U
100%
A
80%
A
80%
I
80%
E
67%
I
67%
N
67%
S
67%
V
67%
H
60%
L
60%
O
60%
S
60%
E
50%
H
50%
J
50%
L
50%
M
50%
P
50%
S
50%
W
50%
E
40%
J
40%
L
40%
M
40%
R
40%
R
40%
D
33%
L
33%
R
33%
S
33%
S
33%
T
33%
T
33%
X
33%
B
20%
T
20%
U
20%
A
0%
A
0%
E
0%
H
0%
H
0%
H
0%
I
0%
L
0%
N
0%
N
0%
O
0%
P
0%
S
0%
S
0%
Y
0%
No matching quizzes found
Score Distribution
Percent of People with Each Score
Percentile by Number Answered
Your Score History
You have not taken this quiz